Diccionario portugués - español y español - portugués
Uloženo v:
| Médium: | Kniha |
|---|---|
| Jazyk: | Undetermined |
| Vydáno: |
Barcelona, España
Editorial Ramón Sopena
[s.f.]
|
| Témata: | |
| Tagy: |
Přidat tag
Žádné tagy, Buďte první, kdo vytvoří štítek k tomuto záznamu!
|
MARC
| LEADER | 00000nam a2200000Ia 4500 | ||
|---|---|---|---|
| 008 | 170316s9999 xx 000 0 und d | ||
| 040 | |a cru BVZT | ||
| 090 | |a R-413 D-1.1d POR-ESP | ||
| 245 | |a Diccionario portugués - español y español - portugués | ||
| 260 | |a Barcelona, España |b Editorial Ramón Sopena |c [s.f.] | ||
| 300 | |a 384 páginas | ||
| 500 | |a Colección: Lexicón Sopena | ||
| 650 | |a REFERENCIA |9 27 | ||
| 650 | |a DICCIONARIO PORTUGUÉS ESPAÑOL - ESPAÑOL PORTUGUÉS |9 497 | ||
| 942 | |c REF |2 z | ||
| 999 | |c 15039 |d 15039 | ||
